[Event "Aegean op 45th"]
[Site "Aghios Kirykos"]
[Date "2022.07.12"]
[Round "4"]
[White "Stathatos, Alexandros"]
[Black "Van der Fraenen, Joep"]
[Result "1-0"]
[WhiteElo "1809"]
[BlackElo "1989"]
[PlyCount "59"]
[EventDate "2022.07.09"]
[EventType "swiss"]
[EventRounds "9"]
[EventCountry "GRE"]
[SourceTitle "CBM 209 Extra"]
[Source "ChessBase"]
[SourceDate "2022.09.30"]
[SourceVersion "1"]
[SourceVersionDate "2022.09.30"]
[SourceQuality "1"]

1. e4 e6 2. d4 d5 3. exd5 exd5 4. Bd3 Nc6 5. Nf3 Bg4 6. c3 Bd6 7. 0-0 Nge7 8. Re1 Qd7 9. Nbd2 0-0 10. Nf1 Rae8 11. h3 Bf5 12. Bxf5 Nxf5 13. Ne3 Nxe3 14. Bxe3 Ne7 15. Qd3 Nf5 16. Bd2 f6 17. b3 c6 18. Rxe8 Rxe8 19. Re1 Rxe1+ 20. Nxe1 Bc7 21. Nc2 Nd6 22. Bf4 Bb6 23. Bxd6 Qxd6 24. Qf5 Qe7 25. Qc8+ Kf7 26. Ne3 Qc7 27. Qh8 h6 28. Nf5 Kg6 29. Qe8+ Kg5 30. Ne7 1-0

[Event "GRE-ch U12"]
[Site "Patras"]
[Date "2021.09.02"]
[Round "6"]
[White "Stathatos, Alexandros"]
[Black "Gkavardinas, Antonios"]
[Result "0-1"]
[WhiteElo "1564"]
[BlackElo "2070"]
[PlyCount "130"]
[EventDate "2021.08.30"]
[EventType "swiss"]
[EventRounds "9"]
[EventCountry "GRE"]
[SourceTitle "EXT 2022"]
[Source "ChessBase"]
[SourceDate "2021.10.06"]
[SourceVersion "1"]
[SourceVersionDate "2021.10.06"]
[SourceQuality "1"]

1. e4 c6 2. d4 d5 3. Nc3 dxe4 4. Nxe4 Bf5 5. Ng3 Bg6 6. h4 h6 7. Nf3 Nd7 8. h5 Bh7 9. Bd3 Bxd3 10. Qxd3 e6 11. Bd2 Ngf6 12. 0-0-0 Be7 13. Kb1 0-0 14. Ne4 Nxe4 15. Qxe4 Nf6 16. Qe2 Qd5 17. Ne5 c5 18. dxc5 Qxc5 19. g4 Rac8 20. c3 Bd6 21. f4 Qd5 22. Rhe1 Rfd8 23. Bc1 Qc5 24. g5 hxg5 25. Nxf7 Qf5+ 26. Ka1 Kxf7 27. fxg5 Nd5 28. Rf1 Nf4 29. Bxf4 Bxf4 30. Rxd8 Rxd8 31. Qc4 Kg8 32. a3 Rf8 33. h6 g6 34. h7+ Kxh7 35. Qd4 e5 36. Qxa7 Qf7 37. Qb6 Kg7 38. Qb4 Re8 39. Qe4 Re7 40. Qb4 Rd7 41. Qb6 Qf5 42. c4 Qxg5 43. Qb5 Rf7 44. Qd5 Qf5 45. Rh1 Rd7 46. Qa5 Qc2 47. Qb5 Rd1+ 48. Rxd1 Qxd1+ 49. Ka2 Qf3 50. Qd7+ Kh6 51. c5 Qc6 52. Qe7 Qd5+ 53. Ka1 Qd1+ 54. Ka2 Qd5+ 55. Ka1 e4 56. Qh4+ Kg7 57. Qxf4 g5 58. Qg4 e3 59. a4 Qe5 60. Qd7+ Kh6 61. Qxb7 e2 62. Qh1+ Kg6 63. Qe1 Qe4 64. c6 Qxa4+ 65. Kb1 Qd1+ 0-1

[Event "Heraklion op 27th"]
[Site "Heraklion"]
[Date "2019.09.04"]
[Round "2"]
[White "Stathatos, Alexandros"]
[Black "Putrenko, Kirill"]
[Result "0-1"]
[WhiteElo "1387"]
[BlackElo "1974"]
[PlyCount "74"]
[EventDate "2019.09.03"]
[EventType "swiss"]
[EventRounds "9"]
[EventCountry "GRE"]
[SourceTitle "EXT 2020"]
[Source "ChessBase"]
[SourceDate "2019.10.17"]
[SourceVersion "1"]
[SourceVersionDate "2019.10.17"]
[SourceQuality "1"]

1. e4 c5 2. Nf3 e6 3. d4 cxd4 4. Nxd4 Nf6 5. Bd3 Nc6 6. Nb3 d5 7. exd5 Nxd5 8. 0-0 Bd6 9. f4 0-0 10. Qf3 Nf6 11. Nc3 Nb4 12. Rd1 Qe7 13. Be3 Nxd3 14. Rxd3 e5 15. Nd5 Nxd5 16. Qxd5 exf4 17. Bf2 Bc7 18. Re1 Qf6 19. Nd4 h6 20. c3 Qg6 21. Rd2 Rd8 22. Qe4 Qxe4 23. Rxe4 b6 24. Rde2 Bd7 25. Nb3 Re8 26. Rxe8+ Rxe8 27. Rd2 Rd8 28. Nd4 g5 29. g3 fxg3 30. Bxg3 Bxg3 31. hxg3 Bc8 32. Re2 Kf8 33. Nc6 Rd1+ 34. Kf2 Ba6 35. Re1 Rd2+ 36. Ke3 Rxb2 37. Nb4 Bc4 0-1

[Event "GRE-ch U10"]
[Site "Patras"]
[Date "2019.06.28"]
[Round "5.2"]
[White "Kazantzoglou, Stefanos"]
[Black "Stathatos, Alexandros"]
[Result "0-1"]
[WhiteElo "1330"]
[BlackElo "1348"]
[PlyCount "132"]
[EventDate "2019.06.25"]
[EventType "swiss"]
[EventRounds "9"]
[EventCountry "GRE"]
[SourceTitle "EXT 2020"]
[Source "ChessBase"]
[SourceDate "2019.10.17"]
[SourceVersion "1"]
[SourceVersionDate "2019.10.17"]
[SourceQuality "1"]
[WhiteTeam "Greece"]
[BlackTeam "Greece"]
[WhiteTeamCountry "GRE"]
[BlackTeamCountry "GRE"]

1. e4 c5 2. Nf3 Nc6 3. d4 cxd4 4. Nxd4 g6 5. c4 Bg7 6. Be3 Nf6 7. Nc3 d6 8. Be2 0-0 9. 0-0 Bd7 10. Qd2 Nxd4 11. Bxd4 Bc6 12. Bf3 Rc8 13. b3 Nd7 14. Bxg7 Kxg7 15. Bg4 Rb8 16. Kh1 Nf6 17. Bf3 Qa5 18. Qc2 Rfc8 19. Nd5 Bxd5 20. exd5 b5 21. Rac1 bxc4 22. bxc4 Rb4 23. Qe2 Rc7 24. Rc2 Qa4 25. Rfc1 Nd7 26. Be4 Qa3 27. Bd3 Ne5 28. Rc3 Qb2 29. R1c2 Qb1+ 30. Rc1 Nxd3 31. Qxd3 Qxd3 32. Rxd3 Rcxc4 33. Re1 Rb2 34. Ra3 Rc7 35. f3 Rb5 36. Rd3 Ra5 37. a3 Kf6 38. g3 Rac5 39. Kg2 Rc2+ 40. Kh3 R7c3 41. Rd4 Rxf3 42. Kg4 Rff2 43. h3 Rcd2 44. Rde4 Rxd5 45. Rxe7 h5+ 46. Kh4 Rd4+ 47. R7e4 Rxe4+ 48. Rxe4 Rc2 49. Rf4+ Kg7 50. Ra4 Kh6 51. g4 Rg2 52. Ra5 f6 53. Rxh5+ gxh5 54. a4 hxg4 55. hxg4 Ra2 56. Kg3 Rxa4 57. Kh4 a5 58. Kg3 Rb4 59. Kh3 a4 60. Kg3 a3 61. Kh4 a2 62. Kg3 a1Q 63. Kh4 Qe1+ 64. Kh3 Rb3+ 65. Kh2 Qg3+ 66. Kh1 Rb1# 0-1

[Event "GRE-ch U10"]
[Site "Patras"]
[Date "2019.06.28"]
[Round "6.1"]
[White "Stathatos, Alexandros"]
[Black "Papaioannou, Dimitrios1111"]
[Result "0-1"]
[WhiteElo "1348"]
[BlackElo "1589"]
[PlyCount "70"]
[EventDate "2019.06.25"]
[EventType "swiss"]
[EventRounds "9"]
[EventCountry "GRE"]
[SourceTitle "EXT 2020"]
[Source "ChessBase"]
[SourceDate "2019.10.17"]
[SourceVersion "1"]
[SourceVersionDate "2019.10.17"]
[SourceQuality "1"]
[WhiteTeam "Greece"]
[BlackTeam "Greece"]
[WhiteTeamCountry "GRE"]
[BlackTeamCountry "GRE"]

1. e4 e5 2. Nf3 Nc6 3. Bc4 Bc5 4. c3 Nf6 5. d3 d6 6. 0-0 a6 7. Bb3 h6 8. Nbd2 g5 9. Bc2 g4 10. Ne1 Ba7 11. Nb3 Qe7 12. Qe2 Bd7 13. Be3 h5 14. Bxa7 Nxa7 15. d4 0-0-0 16. a4 h4 17. g3 Nh7 18. Nd2 Ng5 19. Bd3 Rh6 20. Ng2 hxg3 21. fxg3 Rdh8 22. Ne3 Nh3+ 23. Kh1 Ng5 24. Rf2 Nh3 25. Rff1 Nf4 26. gxf4 g3 27. Nf3 Rxh2+ 28. Nxh2 Rxh2+ 29. Kg1 Rxe2 30. Bxe2 Qh4 31. Ng4 Bxg4 32. Bxg4+ Qxg4 33. Kg2 exf4 34. Rf3 f5 35. exf5 Qxf5 0-1

[Event "GRE-ch U10"]
[Site "Rio Achaia"]
[Date "2018.07.06"]
[Round "5"]
[White "Stathatos, Alexandros"]
[Black "Kalogridis, Themistoklis"]
[Result "1-0"]
[WhiteElo "1311"]
[BlackElo "1135"]
[PlyCount "49"]
[EventDate "2018.07.03"]
[EventType "swiss"]
[EventRounds "9"]
[EventCountry "GRE"]
[SourceTitle "EXT 2019"]
[Source "ChessBase"]
[SourceDate "2018.10.10"]
[SourceVersion "1"]
[SourceVersionDate "2018.10.10"]
[SourceQuality "1"]

1. e4 Nf6 2. e5 Nd5 3. d4 d6 4. c4 Nb6 5. f4 dxe5 6. fxe5 Bf5 7. Nf3 Bg4 8. Be3 Nc6 9. Qd2 e6 10. Nc3 Qd7 11. Be2 0-0-0 12. 0-0-0 Bf5 13. Nh4 Bg6 14. Nxg6 hxg6 15. a3 Na5 16. Qc2 Naxc4 17. Bf2 Kb8 18. Kb1 Bxa3 19. Bxc4 Nxc4 20. Na4 Qb5 21. Ka2 Qd5 22. b3 Qxg2 23. bxc4 Be7 24. d5 exd5 25. Bxa7+ 1-0

[Event "GRE-ch U10"]
[Site "Rio Achaia"]
[Date "2018.07.06"]
[Round "6"]
[White "Violakis, Anastasios"]
[Black "Stathatos, Alexandros"]
[Result "1-0"]
[WhiteElo "1255"]
[BlackElo "1311"]
[PlyCount "52"]
[EventDate "2018.07.03"]
[EventType "swiss"]
[EventRounds "9"]
[EventCountry "GRE"]
[SourceTitle "EXT 2019"]
[Source "ChessBase"]
[SourceDate "2018.10.10"]
[SourceVersion "1"]
[SourceVersionDate "2018.10.10"]
[SourceQuality "1"]

1. d4 Nf6 2. c4 e6 3. Nc3 Bb4 4. Bg5 h6 5. Bh4 g5 6. Bg3 d6 7. e3 Nbd7 8. Bd3 b6 9. Nge2 Bb7 10. 0-0 0-0 11. a3 Bxc3 12. Nxc3 Re8 13. h3 e5 14. Bf5 Nf8 15. h4 Bc8 16. Bxc8 Qxc8 17. hxg5 hxg5 18. dxe5 dxe5 19. Rc1 Ng6 20. Qf3 Kg7 21. Nd5 Nxd5 22. cxd5 Qd7 23. e4 f6 24. Rc6 Rf8 25. Rfc1 Rac8 26. Qc3 Rf7 1-0

[Event "GRE-ch U10"]
[Site "Rio Achaia"]
[Date "2018.07.04"]
[Round "2"]
[White "Tagkaloglou, Savvas Stefanos"]
[Black "Stathatos, Alexandros"]
[Result "0-1"]
[WhiteElo "1124"]
[BlackElo "1311"]
[PlyCount "42"]
[EventDate "2018.07.03"]
[EventType "swiss"]
[EventRounds "9"]
[EventCountry "GRE"]
[SourceTitle "EXT 2019"]
[Source "ChessBase"]
[SourceDate "2018.10.10"]
[SourceVersion "1"]
[SourceVersionDate "2018.10.10"]
[SourceQuality "1"]

1. d4 Nf6 2. c4 e6 3. Nc3 Bb4 4. e3 0-0 5. Nge2 d5 6. a3 Bxc3+ 7. Nxc3 b6 8. cxd5 Nxd5 9. e4 Nxc3 10. bxc3 Bb7 11. f3 f5 12. e5 Qe7 13. Bc4 Rd8 14. Qe2 Bd5 15. 0-0 c5 16. Be3 cxd4 17. cxd4 Nc6 18. Ba6 h6 19. Bc4 Rac8 20. Bxd5 Rxd5 21. Rfc1 Qd7 0-1

[Event "GRE-ch U10"]
[Site "Rio Achaia"]
[Date "2018.07.03"]
[Round "1"]
[White "Stathatos, Alexandros"]
[Black "Sinouris, Andreas"]
[Result "1-0"]
[WhiteElo "1311"]
[BlackElo "1037"]
[PlyCount "117"]
[EventDate "2018.07.03"]
[EventType "swiss"]
[EventRounds "9"]
[EventCountry "GRE"]
[SourceTitle "EXT 2019"]
[Source "ChessBase"]
[SourceDate "2018.10.10"]
[SourceVersion "1"]
[SourceVersionDate "2018.10.10"]
[SourceQuality "1"]

1. e4 d5 2. exd5 Nf6 3. d4 Nxd5 4. c4 Nb6 5. Be3 Bf5 6. Nc3 Nc6 7. Be2 e6 8. c5 Nd5 9. Nf3 Nxc3 10. bxc3 Be7 11. 0-0 0-0 12. Bd3 Bxd3 13. Qxd3 Bf6 14. Rab1 Rb8 15. Rb2 e5 16. Rfb1 b6 17. Qe4 exd4 18. cxd4 Na5 19. cxb6 axb6 20. Rc2 Re8 21. Qd3 Qe7 22. Bf4 Rbc8 23. h3 Red8 24. Bd2 Qd6 25. Be3 c5 26. Qa6 Rb8 27. Rcb2 cxd4 28. Rxb6 Rxb6 29. Rxb6 Qa3 30. Bd2 Qxa2 31. Qxa5 Qxa5 32. Bxa5 Be7 33. Rb7 Re8 34. Nxd4 Bd6 35. Nf5 Be5 36. Ne7+ Kh8 37. Nc6 Bd6 38. Rxf7 Rc8 39. Rd7 Bf4 40. g3 Bg5 41. Ne7 Re8 42. Nf5 Re5 43. f4 Rxa5 44. fxg5 Kg8 45. Rxg7+ Kf8 46. g4 Rxf5 47. gxf5 Kxg7 48. Kg2 h6 49. h4 Kh7 50. Kf3 Kg7 51. Kf4 Kh7 52. Ke5 Kg7 53. Ke6 hxg5 54. hxg5 Kf8 55. f6 Ke8 56. f7+ Kf8 57. g6 Kg7 58. Ke7 Kxg6 59. f8Q 1-0